01304nam a22003017a 4500999001700000003000900017005001700026008004100043020001800084020001500102040004300117082001900160100003100179245026200210250002300472264006500495300004300560336002600603337002800629338002700657500002000684650002600704650003000730650002800760700003600788942001200824952016600836 c28140d28111EG-ScBUE20200218112715.0200218r20181994ii a f 001 0 eng d a9788123902715 a8123902719 aEG-ScBUEbengerdacEG-ScBUEdEG-ScBUE04a615.1bZAF2221 aZafar, Rasheeduz,eauthor.10aPractical Pharmacognosy /cby Professor Rasheeduz Zafar, M. Pharm., PhD, Dean Faculty of Pharmacy, Head of the Dep. of Pharmacognosy Phytochemistry, Faculty of Pharmacy, Hamdard University, New Delhi, Neerja Gandhi, M. Pharm., Hamdard University, New Delhi. aReprinted edition. 1aNew Delhi :bCBS Publishers & Distributors Pvt. Ltd.,c2018. ax, 139 pages :billustrations ;c20 cm 2rdacontentatextbtxt 2rdamediaaunmediatedbn 2rdacarrieravolumebnc aIncludes index. 7aPharmacognosy.2BUEsh 7aDrug adulteration.2BUEsh 7aDrugsxAnalysis.2BUEsh1 aGandhi, Neerja,eauthor.934504 2ddccBB 00102ddc40708Academic Science HouseaMAINbMAINc1STd2020-02-18ePurchaseg230.00h993l0o615.1 ZAFp000048742r2025-07-15 00:00:00v287.50w2020-02-18yBB